书目信息 |
| 题名: |
圣女贞德
|
|
| 作者: | 萧伯纳 著 ;胡仁源 , 李丽霞 译 | |
| 分册: | ||
| 出版信息: | 北京 北京理工大学出版社 2015.7 |
|
| 页数: | 255页 | |
| 开本: | 22cm | |
| 丛书名: | 诺贝尔文学奖大系 | |
| 单 册: | ||
| 中图分类: | I561.35 | |
| 科图分类: | ||
| 主题词: | 剧本--选集--英国--现代 | |
| 电子资源: | ||
| ISBN: | 978-7-5682-0460-6 | |
| 000 | 01558nam0 2200313 450 | |
| 001 | 2229 | |
| 001 | 01CN12197855@CSLN | |
| 005 | 20161205105531.60 | |
| 010 | @a978-7-5682-0460-6@b精装@dCNY28.00 | |
| 100 | @a20150721d2015 em y0chiy50 ea | |
| 101 | 1 | @achi@ceng |
| 102 | @aCN@b110000 | |
| 105 | @ay z 000by | |
| 200 | 1 | @a圣女贞德@b专著@f(爱尔兰)萧伯纳著@g胡仁源,李丽霞译@9sheng nu^ zhen de |
| 210 | @a北京@c北京理工大学出版社@d2015.7 | |
| 215 | @a255页@d22cm | |
| 225 | 2 | @a诺贝尔文学奖大系@9nuo bei er wen xue jiang da xi |
| 300 | @a诺贝尔文学奖大系 1925年 | |
| 312 | @a书脊英文题名:Saint Joan | |
| 330 | @a本书包含萧伯纳的两篇著作:圣女贞德和卖花女。《圣女贞德》是一部内涵极为丰富的作品,它对宗教信仰、妇女问题、社会形态乃至影响历史发展及个人命运的政治因素等诸多问题都进行了发人深省的讨论。贞德是英法百年战争中的法国青年女爱国者,她领导农民群众击退英军的围攻。但后来被诬为女巫,在卢昂广场处以火刑。《卖花女》中身世可怜的卖花女,终日为三餐奔波,有一天遇到语言教授,教授与上校朋友打赌,女孩在他的教导下,一定能脱胎换骨,成为上流社会淑女,即使王公贵族也扯看不出她的本面目,教授教卖花只是赢赌为乐,未料在调教成功后却爱上她,最后终于放下骄傲面目,和女孩相爱。 | |
| 461 | 0 | @12001 @a诺贝尔文学奖大系 |
| 510 | 1 | @aSaint Joan@zeng |
| 606 | 0 | @a剧本@j选集@y英国@z现代 |
| 690 | @aI561.35@v5 | |
| 701 | 0 | @a萧伯纳@c(爱尔兰)@c(Bernanrd Shaw, George@f1856-1950)@4著@9xiao bai na |
| 702 | 0 | @a胡仁源@4译@9hu ren yuan |
| 702 | 0 | @a李丽霞@4译@9li li xia |
| 801 | 0 | @aCN@b大连网信软件有限公司图书馆·11@c20161205 |
| 905 | @aZUCC@dI561.35@e599 | |
| 圣女贞德/(爱尔兰)萧伯纳著/胡仁源,李丽霞译.-北京:北京理工大学出版社,2015.7 |
| 255页;22cm.-(诺贝尔文学奖大系) |
| 诺贝尔文学奖大系 1925年 |
| ISBN 978-7-5682-0460-6(精装):CNY28.00 |
| 本书包含萧伯纳的两篇著作:圣女贞德和卖花女。《圣女贞德》是一部内涵极为丰富的作品,它对宗教信仰、妇女问题、社会形态乃至影响历史发展及个人命运的政治因素等诸多问题都进行了发人深省的讨论。贞德是英法百年战争中的法国青年女爱国者,她领导农民群众击退英军的围攻。但后来被诬为女巫,在卢昂广场处以火刑。《卖花女》中身世可怜的卖花女,终日为三餐奔波,有一天遇到语言教授,教授与上校朋友打赌,女孩在他的教导下,一定能脱胎换骨,成为上流社会淑女,即使王公贵族也扯看不出她的本面目,教授教卖花只是赢赌为乐,未料在调教成功后却爱上她,最后终于放下骄傲面目,和女孩相爱。 |
| ● |
| 相关链接 |
|
|
|
|
正题名:圣女贞德
索取号:I561.35/599
 
预约/预借
| 序号 | 登录号 | 条形码 | 馆藏地/架位号 | 状态 | 备注 |
| 1 | 910541 | 209105412 | 第一样本阅览室/ [索取号:I561.35/599] | 在馆 | |
| 2 | 910542 | 209105421 | 第二借阅区/ [索取号:I561.35/599] | 在馆 | |
| 3 | 910543 | 209105430 | 第二借阅区/ [索取号:I561.35/599] | 在馆 | |
| 4 | 910544 | 209105449 | 第二借阅区/ [索取号:I561.35/599] | 在馆 | |
| 5 | 910545 | 209105458 | 第二借阅区/ [索取号:I561.35/599] | 在馆 |